| 000 | 00799nam a22001697a 4500 | ||
|---|---|---|---|
| 005 | 20260124093820.0 | ||
| 008 | 230713b ||||| |||| 00| 0 eng d | ||
| 040 |
_cSSBUL _dSSBUL |
||
| 082 |
_223 _a၇၈၀.၉၅၉၁၉၅၉၃၁ မိုး ၁၆၀၂၈ (S-SAT) |
||
| 100 |
_aမိုးစွေ၊ _cရာမည-။ _927923 |
||
| 245 |
_aမွန်ဂီတနိဒါန်း / _cရာမညမိုးစွေ။ |
||
| 260 |
_aမော်လမြိုင်မြို့၊ _bဘဒြဒေဝီစာအုပ်လုပ်ငန်း၊ _c၂၀၀၄။ |
||
| 300 |
_a၁၄၅ စာမျက်နှာ၊ _c၁၉ စင်တီ။ |
||
| 500 | _aS-SAT: Dr. Prof Sai Aung Tun | ||
| 650 |
_aမွန်ဂီတအနုပညာ။ _927924 |
||
| 942 |
_2ddc _cBK1 |
||
| 999 |
_c27162 _d27162 |
||